00527 2200205 4500001002100000005001500021035002000036007000300056008004100059020001800100082000800118084001400126100003800140245005200178250001000230260003400240300002100274650001800295990000800313INLIS00000000000024020170914111210 a0010-0917000226ta170914 0 ind  a979-561-246-8 a297 a297 ASY b0 aAsy-Syayi, Khalid bin Abdurrahman1 aBahaya Mode /cKhalid bin Abdurrahman Asy_Syayi aCet.1 aJakarta :bGema Insani,c1993 a112 hlm ;c18 cm aMode ( Islam) a278